Genshin: Bilder nach Farbe - rot - Statistiken

Allgemein
  • Dieses Quiz wurde 9 mal gespielt
  • Das Durchschnittsergebnis liegt bei 4 aus 20
Antwortstatistiken
Bildquiz Antwort % Korrekt
Mavuika
100%
Pyroculus
86%
Zeitherausforderung
57%
La Signora
43%
Qucusaurier
29%
Drachenschreck
14%
Goldbrigade – Schwerttänzer
14%
Jueyun-Peperoni
14%
Sorush
14%
Verwelkung
14%
Wärmende Seelie
14%
Brennende Pyro-Hexe
0%
Fluxfeuersamen
0%
Lavagestalt – Erdfresser
0%
Ochimusha – Böse Flamme
0%
Panzerkrabbe
0%
Phlogiston-Laus
0%
Pulverit
0%
Rothorn-Steinbrecher
0%
Tiefroter Quarz
0%
Keine übereinstimmenden Quizze gefunden
Verteilung der Resultate
Anzahl Personen mit jedem Resultat
Perzentil nach korrekt beantworteten Fragen
Ihre Resultats-Entwicklung
Sie haben dieses Quiz noch nicht gespielt